Państwa graniczące z Chinami - Statystyki

Ogólne statystyki
  • Ten quiz został rozwiązany 41 razy
  • Średni wynik to 12 z 14
Statystyki odpowiedzi
Państwa % Poprawnych
Indie
98%
Rosja
95%
Korea Północna
93%
Mongolia
93%
Nepal
90%
Pakistan
88%
Wietnam
88%
Afganistan
85%
Bhutan
85%
Kirgistan
85%
Laos
85%
Kazachstan
83%
Mjanma / Birma
80%
Tadżykistan
78%
Nie znaleziono quizów pasujących do podanych kryteriów
Rozkład punktacji
Procent ludzi z każdym wynikiem
Percentyl według liczby udzielonych odpowiedzi
Twoja historia wyników
Nie rozwiązałeś tego quizu